000 00745nam a2200205Ii 4500
003 JO-AjNU
008 230605s9999||||xx |||||||||||||| ||und||
017 _a2011/5/2032
040 _aJO-AjNU
_bara
_erda
_cJO-AjNU
041 _aara
050 1 4 _aPN1995.9.D6.M3222 2011
100 3 _aمدانات، عدنان,
_eauthor
_946280
245 0 0 _aالسينما التسجيلية: الدراما والشعر
264 3 1 _aعمان: مؤسسة عبد الحميد شومان، 2011
300 _a262ص
_bيتضمن على ملاحق من 235-259 ص، صور فوتوغرافية
336 _atext
_btxt
_2rdacontent
337 _aunmediated
_bn
_2rdamedia
338 _avolume
_bnc
_2rdacarrier
650 4 _aافلام سينمائية
_946281
999 _aA20121
_c23689
_d23689